Normal view
MARC view
- Potter, Merle C , Wiggert, David C
Entry Personal Name
001 - CONTROL NUMBER
- control field: 69100
003 - CONTROL NUMBER IDENTIFIER
- control field: NUST
005 - DATE AND TIME OF LATEST TRANSACTION
- control field: 20210628204154.0
008 - FIXED-LENGTH DATA ELEMENTS
- fixed length control field: 210628|| aca||aabn | a|a d
040 ## - CATALOGING SOURCE
- Original cataloging agency: NUST
- Transcribing agency: NUST
100 ## - HEADING--PERSONAL NAME
- Personal name: Potter, Merle C , Wiggert, David C
670 ## - SOURCE DATA FOUND
- Source citation: Work cat.: (NUST): Potter, Merle C , Wiggert, David C, Fluid mechanics , si edition, 2010
